Effect of epoxidised liquid natural rubber on nitrile/butadiene rubber based mixes (Record no. 57821)

MARC details
000 -LEADER
fixed length control field 00532nam a2200181Ia 4500
100 ## - MAIN ENTRY--AUTHOR NAME
Personal name Wonkam D
245 #0 - TITLE STATEMENT
Title Effect of epoxidised liquid natural rubber on nitrile/butadiene rubber based mixes
260 ## - PUBLICATION, DISTRIBUTION, ETC. (IMPRINT)
Name of publisher Plastics, Rubber and Composites
Year of publication 2000
300 ## - PHYSICAL DESCRIPTION
Number of Pages 420-426
650 ## - SUBJECT ADDED ENTRY--TOPICAL TERM
Topical Term Epoxidised liquid natural rubber
650 ## - SUBJECT ADDED ENTRY--TOPICAL TERM
Topical Term Nitrile/budiene rubber
700 ## - ADDED ENTRY--PERSONAL NAME
Personal name de Livonniere H
700 ## - ADDED ENTRY--PERSONAL NAME
Personal name Ehabe E
700 ## - ADDED ENTRY--PERSONAL NAME
Personal name Ngolemasango F
700 ## - ADDED ENTRY--PERSONAL NAME
Personal name Nkouonkam B
942 ## - ADDED ENTRY ELEMENTS (KOHA)
Koha item type Journals
Holdings
Withdrawn status Lost status Damaged status Not for loan Home library Current library Shelving location Date acquired Serial Enumeration / chronology Koha item type
      Journals RRII Library RRII Library Rubber chemistry 17/12/2021 Volume 29, Issue 8 Journals